| 000 | 00617nam a2200253Ia 4500 | ||
|---|---|---|---|
| 008 | 181129s9999 xx 000 0 und d | ||
| 020 | _a9780545060745 | ||
| 050 | _bM381 2009 | ||
| 100 | _aMartin, Justin McCory | ||
| 245 | 0 | _aReally cool reptiles / | |
| 245 | 0 | _cby Justin McCory Martin. | |
| 260 | _aNew York, NY : | ||
| 260 | _bScholastic, | ||
| 260 | _c2009 | ||
| 300 | _a16 pages : | ||
| 300 | _bcolor illustrations ; | ||
| 300 | _c23cm. | ||
| 440 | _aScholastic vocabulary readers. | ||
| 500 | _a2009 | ||
| 650 | _aReptiles. | ||
| 650 | _aScience. | ||
| 700 | _aSeries. | ||
| 700 | _aTitle. | ||
| 999 |
_c360005 _d360005 |
||